000 00677nam a2200193Ii 4500
003 JO-AjNU
008 230605s9999||||xx |||||||||||||| ||und||
040 _aJO-AjNU
_bara
_erda
_cJO-AjNU
041 _aara
050 1 4 _aBF721.M37 1981
100 3 _aالمسلماني، مصطفى,
_eauthor
_938249
245 0 0 _aرعاية الطفولة خلال مراحل النمو والتطور
264 3 1 _aالاسكندرية:المكتب الجامعي الحديث ، 1981
300 _a100ص
336 _atext
_btxt
_2rdacontent
337 _aunmediated
_bn
_2rdamedia
338 _avolume
_bnc
_2rdacarrier
650 4 _aاطفال-الرعاية الاجتماعية
_938250
999 _aA16054
_c19622
_d19622